Úvod do praxe mediální komunikace
Salvato in:
| Autore principale: | |
|---|---|
| Ente Autore: | |
| Altri autori: | |
| Natura: | Libro |
| Lingua: | ceco |
| Pubblicazione: |
Praha
Oeconomica, Nakladatelství VŠE
2017
|
| Edizione: | 1. vydání |
| Serie: | Vysokoškolská skripta
|
| Soggetti: | |
| Tags: |
Nessun Tag, puoi essere il primo ad aggiungerne!!
|
MARC
| LEADER | 00000nam a2200000 4500 | ||
|---|---|---|---|
| 001 | 0258909 | ||
| 005 | 20240221114806.1 | ||
| 020 | |a 978-80-245-2190-9 | ||
| 041 | 0 | |a cze | |
| 044 | |a CZ | ||
| 245 | 1 | 0 | |a Úvod do praxe mediální komunikace |c Daniel Váňa, Petr Horký |
| 250 | |a 1. vydání | ||
| 264 | 1 | |a Praha |b Oeconomica, Nakladatelství VŠE |c 2017 | |
| 300 | |a 85 s. | ||
| 490 | 1 | |a Vysokoškolská skripta | |
| 830 | 0 | |a Vysokoškolská skripta | |
| 610 | 2 | 0 | |a médiá |
| 610 | 2 | 0 | |a komunikácia masmediálna |
| 610 | 2 | 0 | |a noviny |
| 610 | 2 | 0 | |a vzťahy s verejnosťou |
| 610 | 2 | 0 | |a tlač |
| 610 | 2 | 0 | |a konferencie |
| 610 | 2 | 0 | |a komunikácia |
| 610 | 2 | 0 | |a kríza |
| 610 | 2 | 0 | |a prezentácia |
| 610 | 2 | 0 | |a rozhlas |
| 610 | 2 | 0 | |a televízia |
| 100 | 1 | |a Váňa, Daniel | |
| 700 | 1 | |a Horký, Petr | |
| 710 | 2 | |a Vysoká škola ekonomická v Praze. Národohospodářská fakulta | |